O niektorých právnych aspektoch užívania pozemkov

Bibliographic Details
Main Author: Rapant, Richard (Author)
Format: Article
Language:Slovak
Subjects:

MARC

LEADER 00000nab a2200000 a 4500
001 vtls000495145
003 SK-MaSNL
005 20260304080844.0
008 250424c1993 xo 0 slo
015 |a SNBRB19rr/mm-uuuuu 
035 |a CL0495283 
035 |a urn:nbn:sk:snk-abc6j 
035 |a (urnnbn)urn:nbn:sk:snk:ar-0037g3 
035 |a (uuid)3ea642ae-7151-44bc-8ebd-e1fc0b2b027c 
040 |a SNKBUCL  |b slo  |c SNKBUCL  |e AACR2 
041 0 |a slo 
044 |a xo  |c SK 
080 |a 347.24  |2 1981 
100 1 |a Rapant, Richard  |4 aut  |9 5200 
245 1 0 |a O niektorých právnych aspektoch užívania pozemkov  |c Richard Rapant 
650 0 7 |a právo vecné  |2 snkbucl  |9 1181799 
650 0 7 |a užívanie pozemkov (práv.)  |2 snkbucl  |9 1242999 
655 7 |a články z novín a časopisov  |2 snkbucl  |9 267496 
773 0 |t Justičná revue  |g Roč. 45, č. 1-2 (1993), s. 1-6 
850 |a Slovenská národná knižnica 
852 |a Slovenská národná knižnica 
954 |a odborná, vedecká literatúra pôvodná (slovenská)  |2 lita 
958 |a article27 
958 |a OND 
958 |a RK 
958 |a EUIPO 
992 |a RBX 
999 |c 2788403  |d 2790333